| 000 | 00976nam a2200241Ia 4500 | ||
|---|---|---|---|
| 003 | Ost | ||
| 005 | 20260507075357.0 | ||
| 008 | 260507s9999||||xx |||||||||||||| ||und|| | ||
| 020 | _a75253509779 | ||
| 040 | _cfsecg | ||
| 041 | _aara | ||
| 082 | _a330 | ||
| 100 |
_aالسيسي، صلاح الدين حسن _eمؤلف |
||
| 245 | 0 |
_aالبورصات والأسواق المالية دور المنظمات والتكتلات الدولية والأهلية / _c صلاح الدين حسن السيسي |
|
| 260 |
_aالقاهرة: _bدار الكتاب الحديث, _c2014 |
||
| 300 |
_a192 صفحة؛ _bإيضاحات ؛ _c24 سم |
||
| 504 | _aالمراجع ص.187 | ||
| 520 | _aالمنظمات الإقتصادية الدولية والإقليمية- البورصات والأسواق المالية الدولية | ||
| 653 | _aالأسواق المالية | ||
| 653 | _aالبورصات | ||
| 653 | _aالمنظمات الدولية | ||
| 942 | _cكتاب | ||
| 999 |
_c44245 _d44245 |
||